| 000 | 00542nam a22001697a 4500 | ||
|---|---|---|---|
| 005 | 20251108164152.0 | ||
| 008 | 250721s1982 xx 000 0 ara d | ||
| 082 | 1 | 4 | _a218,8/مقد |
| 100 | 1 | _aالمقدسي، أحمد بن عبد الرحمن بن فدامة | |
| 245 | 1 | 0 | _aمختصر منهاج القاصدين / |
| 250 | _aط2.، محققة و مصححة | ||
| 264 | 1 |
_aالقاهرة : _bدار التراث العربي، _c1982. |
|
| 300 | _a363ص | ||
| 650 | 1 | 7 | _aالوعظ و الإرشاد |
| 942 |
_2ddc _cBK |
||
| 999 |
_c5375 _d5375 |
||